Именные списки профессоров и служащих Императорского Казанского университета за 1850 год

Доступно только в Электронных читальных залах Найти на картеНа карте
RUSMARC
00003835nmc2a2200000 x 450
001861c995e-4226-4bcf-8315-bd27c73477e5
00520160708002004.0
100##$a20150707l18501850k l0rusy0189 ca
1010#$arus
102##$aRU
2001#$aИменные списки профессоров и служащих Императорского Казанского университета за 1850 год
$j1850 г.
251##$cДело
300##$aДело
300##$aОриг. заголовок дела: Приложения к Отчету Казанского университета за 1850 год
801#0$aRU
$bРГИА
$c20150707
$gRCR
801#1$aRU
$bГлавНИВЦ
$c20150707
$2rusmarc
801#2$aRU
$bПБ им. Б.Н. Ельцина
$c20160708
$gRCR
$2rusmarc
850##$aРГИА
852##$aРГИА
$eФедеральное казенное учреждение "Российский государственный исторический архив" (РГИА)
$j598
937##$hРГИА
$d11686508
$aASBIBLIO_SCAN
461#0$1001a74412a3-3cc5-4d21-8f0a-dfe2fbd9e72d
$12001
$aДепартамент народного просвещения Министерства народного просвещения (1803-1917)
$1251
$cФонд
$1852
$j733
462#0$1001fd6b21ee-d87a-47e3-a853-b37a42a57f1e
$12001
$aОтчеты научных учреждений и учебных округов Департамента народного просвещения
$1251
$cОпись
$1852
$j95
215##$a59 л.
$d36,5x26 см
371##$aДокумент не является опубликованным и широко распространяемым
105##$aу###
1222#$ad
5171#$aПриложения к Отчету Казанского университета за 1850 год
035##$a861c995e-4226-4bcf-8315-bd27c73477e5
Формат отображения